| 000 | 00806nam a2200205 a 4500 | ||
|---|---|---|---|
| 001 | 000961247 | ||
| 003 | AM-YeHGA | ||
| 005 | 20250617153217.0 | ||
| 008 | 130503s1979 ru r 000 0 rus d | ||
| 040 | _aAM-YeHGA | ||
| 041 | 0 | _arus | |
| 245 | 0 | 0 |
_aОрганизация работ по опережающей стандартизации / _cЛ.А. Стравинский, К.Л. Швецов и др. |
| 260 |
_aМосквa : _bИзд-во стандартов, _c1979. |
||
| 300 |
_a220 с. : _bтабл., схем. ; _c21 см. |
||
| 500 | _aАвт. указ. на оборот. тит. л. | ||
| 504 | _aБиблиогр.: с. 213-217 | ||
| 700 | 1 | _aСтравинский, Лев Анатольевич | |
| 700 | 1 | _aШвецов, Константин Леонидович | |
| 090 | _c388406 | ||
| 999 |
_c386426 _d386426 |
||